000 01050nam a2200289 i 4500
001 bg
003 BPK
005 20210127141249.0
008 991005s1999 pl a |000 0 pol
015 _aPB 1999/16214
020 _a8301128275
040 _aWA N
_cBPK
041 0 _apol
080 _a574:502
245 0 0 _aKompendium wiedzy o ekologii /
_cpod red. Jana Strzałko i Teresy Mossor-Pietraszewskiej ; aut. Lubomira Burchardt [et al.].
260 _aWarszawa ;
_aPoznań :
_bWydaw. Naukowe PWN,
_c1999.
300 _aXXI, [1], 548, [2] s. :
_bmapy, rys., wykr. ;
_c21 cm.
504 _aBibliogr. przy rozdz.
650 4 _aEkologia
650 4 _aOchrona środowiska
700 1 _aStrzałko, Jan
_d(1943- ).
_eRed.
710 2 _aWydawnictwo Naukowe PWN
_4pbl.
700 1 _aMossor-Pietraszewska, Teresa
_eRedakcja
700 1 _aBurchardt, Lubomira
_d(1944- )
_eAutor
856 _uhttp://koha.tu.koszalin.pl/cgi-bin/koha/opac-detail.pl?biblionumber=51038
_yKatalog online BPK
942 _2UKD
_cKS
999 _c51038
_d51038